Buffy Characters Quiz Stats

Quiz Updated Mar 21, 2013

Challenge
Share
Tweet
Score 0/40 Timer 07:00
9 Plays Today
Number Character % Correct
1Buffy Summers
99.9%
5Angel
97.2%
2Willow Rosenberg
96%
7Spike
95.4%
3Alexander 'Xander' Harris
93.8%
4Rupert Giles
93.2%
6Cordelia Chase
88.3%
11Dawn Summers
85.3%
15Faith Lehane
84.7%
9Daniel 'Oz' Osbourne
83.6%
8Anya Jenkins
82.7%
10Riley Finn
80.6%
12Tara Maclay
80.4%
13Joyce Summers
77.2%
19The Master
75.9%
17Drusilla
73.5%
14Wesley Wyndam-Pryce
73.4%
20Mayor Richard Wilkins III
73.2%
22Adam
70.8%
16Harmony Kendall
68.3%
Number Character % Correct
23Glorificus
68.2%
26Jonathan Levinson
64.3%
18Jennifer 'Jenny' Calendar
64.2%
25Andrew Wells
60.5%
32Kendra Young
59.1%
24Warren Mears
55.6%
31Darla
54.9%
27Caleb
51.8%
28Principal R. Snyder
51.6%
35Principal Wood
47%
21Maggie Walsh
46.3%
29Mister Trick
45%
33Ethan Rayne
43.9%
30Kennedy
42.2%
34Clement
37.8%
38Halfrek
31.7%
39Forrest Gates
27.9%
37D'Hoffryn
26.7%
40Miss Kitty Fantastico
26.3%
36Violet
23.5%

You're not logged in!

Compare scores with friends on all Sporcle quizzes.
Sign Up with Email
OR
Log In

You Might Also Like...

Show Comments

Extras

Top Quizzes Today


Score Distribution

Your Account Isn't Verified!

In order to create a playlist on Sporcle, you need to verify the email address you used during registration. Go to your Sporcle Settings to finish the process.